GMMTV Shows by Cast - Statistics

General Stats
  • This quiz has been taken 317 times
  • The average score is 10 of 15
Answer Stats
Hint Answer % Correct
PondPhuwin, WinnySatang, MarcPoon, Aouboom We Are
95%
WilliamEst, LYKN Thamepo
85%
FirstKhaotung, JoongDunk The Heart Killers
81%
ForceBook, PerthSanta, JuniorMark Perfect 10 Liners
80%
SeaKeen, SurfJava Head2Head
72%
OhmNanon, MilkLove Bad Buddy
71%
ForceBook, FirstKhaotung, NeoMark Only Friends
71%
GeminiFourth, WinnySatang, FordProm My School President
68%
JimmySea, NamtamFilm Last Twilight
63%
PondPhuwin, PerthChimon Never Let Me Go
62%
OffGun, GawinFirst Not Me
60%
LukeMick, ChokunAston, PoddPapang Boys in Love
52%
BounPrem, AunStamp Revamp
52%
JimmySea, SaveFranc My Magic Prophecy
42%
GreatInn, Aouboom Memoir of Rati
20%
No matching quizzes found
Score Distribution
Percent of People with Each Score
Percentile by Number Answered
Your Score History
You have not taken this quiz